000 00373cam a22001097a 4500
008 180718b1995 xxu||||| |||| 00| 0 eng d
100 _aVagmai, Sriram Sharma Aacharya
245 _aYug-parivertan kaise aur kab
_cby Sriram Sharma Aacharya Vagmai;edited by Brahmverchsva
260 _aMathura
_bAkhand Jyoti Sansthan
_c1995
650 _aYug-parivertan
700 _aBrahmverchsva
999 _c439029
_d439029